Central Library OPAC University of Rajshahi

Germany through American eyes : (Record no. 42087)

MARC details
000 -LEADER
fixed length control field 01048nam a2200313 a 4500
001 - CONTROL NUMBER
control field 42087
003 - CONTROL NUMBER IDENTIFIER
rucl marc code BD-RjUL
005 - DATE AND TIME OF LATEST TRANSACTION
control field 20211209053506.0
008 - FIXED-LENGTH DATA ELEMENTS--GENERAL INFORMATION
fixed length control field 160609s1989 cou b 001 0 eng
020 ## - INTERNATIONAL STANDARD BOOK NUMBER
International Standard Book Number 0813307694
035 ## - SYSTEM CONTROL NUMBER
System control number (BD-RjUL)42205
System control number 2108970
040 ## - CATALOGING SOURCE
Original cataloging agency LC
Language of cataloging eng
Transcribing agency BD-RjUL
Modifying agency LC
041 ## - LANGUAGE CODE
Language code of text/sound track or separate title eng
082 00 - DEWEY DECIMAL CLASSIFICATION NUMBER
Classification number 327.43
Edition number 19
Author mark and year GER 1989
245 00 - TITLE STATEMENT
Title Germany through American eyes :
Remainder of title foreign policy and domestic issues /
Statement of responsibility, etc. edited by Gale A. Mattox and John H. Vaughan, Jr.
260 ## - PUBLICATION, DISTRIBUTION, ETC. (IMPRINT)
Place of publication, distribution, etc. Boulder :
Name of publisher, distributor, etc. Westview Press,
Date of publication, distribution, etc. c1989.
300 ## - PHYSICAL DESCRIPTION
Pagination xiv, 183 p. ;
Size 24 cm.
500 ## - GENERAL NOTE
General note Includes index.
504 ## - BIBLIOGRAPHY, ETC. NOTE
Bibliography, etc Includes bibliographical references.
651 #0 - SUBJECT ADDED ENTRY--GEOGRAPHIC NAME
Geographic name Germany (West)
General subdivision Foreign relations.
9 (RLIN) 129421
Geographic name Germany (West)
General subdivision Social conditions.
9 (RLIN) 129436
Geographic name Germany (West)
General subdivision Economic conditions.
9 (RLIN) 129437
Geographic name Germany (East)
General subdivision Foreign relations.
9 (RLIN) 129423
700 1# - ADDED ENTRY--PERSONAL NAME
Personal name Mattox, Gale A.
Personal name Vaughan, John H.,
Dates associated with a name 1951-
942 ## - ADDED ENTRY ELEMENTS (KOHA)
Source of classification or shelving scheme Dewey Decimal Classification
Koha item type Books
Holdings
Lost status Source of classification or shelving scheme Damaged status Not for loan Collection code Permanent Location Current Location Shelving location Date acquired Source of acquisition Total Checkouts Full call number Date last seen Copy number Koha item type
  Dewey Decimal Classification     Non-fiction Central Library, University of Rajshahi Central Library, University of Rajshahi   03/02/1993 Gift   327.43 GER 1989 09/06/2016 C-2 Books